000 00649nam a2200193Ia 4500
003 GCL
008 140319s9999 xx 000 0 ara d
040 _aGCL /
_cGCL
082 0 4 _a817.008
_bا ا
100 1 _aاميلى يعقوب كرم
245 1 0 _aاحلى طرائف ونوادر الحمقى والمغفلين /
_cاميلى يعقوب كرم
250 _aالاولى
260 _aبيروت :
_bجروس برس ،
_c1993
300 _a143 ص ؛
_c24 سم
490 _aسلسلة احلى الطرائف والنوادر
_v0
650 0 4 _aالادب العربى
650 0 4 _aالاهاجى والفكاهات
942 _2ddc
_cBK
999 _c56076
_d56076